000 00354pam a2200157a 44500
008 230515b1986 xxu||||| |||| 00| 0 eng d
020 _aNULL
041 _aENGLISH
082 _aN.D.
100 _aBailey J E.
245 _aBiochemical Engg. Fundamentals
250 _a0
260 _aNULL
_bMcgraw Hill Pub
_c1986
300 _a984
650 _aNULL
999 _c585983
_d585983